000
nam a22 7a 4500
999
_c
40595
_d
40595
003
OSt
005
20170922152413.0
008
170922b xxu||||| |||| 00| 0 eng d
040
_c
SERO SOFT
100
_a
AIR
245
_a
ALL INDIA REPORTER
260
_a
NAGPUR
_b
AIR PVT
_c
2013
942
_2
ddc
_c
01